000
00207nam a22000857a 4500
001
1235214
005
20250930112522.0
245
_a
SAVAŞ VE BARIŞ
_c
BRIGITTE LABBE
260
_b
GÜNIŞIĞI KİTAPLIĞI YAYINLARI
999
_c
1235214
_d
1235214